Теория культуры Учебное пособие Ч. 1 Теория культуры : Учебное пособие
В представленном учебном пособии рассматривается основной раздел культурологии – теория культуры. Пособие представляет собой учебный комплекс, который включает в себя: теоретический материал, сгруппированный по двенадцати темам; контрольные вопросы для повторения изучаемого материала; хрестоматийные...
Guardat en:
| Format: | Книга |
|---|---|
| Idioma: | Russian |
| Publicat: |
Казань
КГЭУ
2021
|
| Accés en línia: | https://e.lanbook.com/book/215144 https://e.lanbook.com/img/cover/book/215144.jpg |
| Etiquetes: |
Afegir etiqueta
Sense etiquetes, Sigues el primer a etiquetar aquest registre!
|
| LEADER | 02135nam0a2200241 i 4500 | ||
|---|---|---|---|
| 001 | 215144 | ||
| 003 | RuSpLAN | ||
| 005 | 20221220174149.0 | ||
| 008 | 221220s2021 ru gs 000 0 rus | ||
| 040 | |a RuSpLAN | ||
| 041 | 0 | |a rus | |
| 044 | |a ru | ||
| 080 | |a 008 | ||
| 084 | |a 71 |2 rubbk | ||
| 245 | 1 | |a Теория культуры |b Учебное пособие |n Ч. 1 |p Теория культуры : Учебное пособие | |
| 260 | |a Казань |b КГЭУ |c 2021 | ||
| 300 | |a 126 с. | ||
| 504 | |a Библиогр.: доступна в карточке книги, на сайте ЭБС Лань | ||
| 520 | 8 | |a В представленном учебном пособии рассматривается основной раздел культурологии – теория культуры. Пособие представляет собой учебный комплекс, который включает в себя: теоретический материал, сгруппированный по двенадцати темам; контрольные вопросы для повторения изучаемого материала; хрестоматийные тексты к каждой теме с перечнем вопросов для самопроверки. Предназначено для студентов всех форм обучения по образовательной программе направления подготовки 20.03.01 Техносферная безопасность, направленность (профиль) «Инженерная защита окружающей среды», а также может быть полезно для всех, кто интересуется возможностями человека как творца современной культуры. | |
| 521 | 8 | |a Книга из коллекции КГЭУ - Социально-гуманитарные науки | |
| 856 | 4 | |u https://e.lanbook.com/book/215144 | |
| 856 | 4 | 8 | |u https://e.lanbook.com/img/cover/book/215144.jpg |
| 953 | |a https://e.lanbook.com/img/cover/book/215144.jpg | ||